| 000 | 01358nam0a22003251 4500 | ||
|---|---|---|---|
| 001 | RU\INFOCOMM_322\NLR\5000251161 | ||
| 005 | 20250624202753.0 | ||
| 035 | _a(NLR Aleph) 010936115 | ||
| 090 |
_a10735777 _c10735777 |
||
| 100 | _a20130321d1984 |||y0rusy50 ca | ||
| 101 | 0 |
_aeng _drus |
|
| 102 | _aRU | ||
| 105 | _ay z ||||| | ||
| 200 | 1 |
_aOn two-perticle N=1 supersymmetric composite grand unified models _fYu. F. Pirogov |
|
| 210 |
_aSerpukhov _cИн-т физики высоких энергий _d1984 |
||
| 215 |
_a12 с. _d21 см |
||
| 225 | 1 |
_aГосударственный Комитет по использованию атомной энергии СССР, Институт физики высоких энергий _vИФВЭ 84-78 |
|
| 300 | _aВ вып. дан.: О двухчастичных N=1 суперсимметричных составных единых моделях / Ю. Ф. Пирогов | ||
| 300 | _aРез. на рус. яз. | ||
| 320 | _aБиблиогр.: с. 11-12 | ||
| 606 | 0 |
_aСуперсимметрия _2nlr_sh1 |
|
| 620 | _aСерпухов | ||
| 686 |
_aВ315.1 _2rubbk |
||
| 700 | 1 |
_9z01790 _aPirogov _bJ. F. _gJurij Fedorovič |
|
| 790 | 1 |
_9z01700 _aPirogov _bYu. F. _4070 |
|
| 801 | 1 |
_aRU _bInfocomm _c20130321 |
|
| 801 | 0 |
_aRU _bINFOCOMM _gPSBO |
|
| 852 |
_aNLR _jФз01 Д-4/2523 |
||
| 942 | _cBOOK | ||
| 980 | _aNB | ||